003760000a2200085000450024501200000004100130012070000240013310000190015777301140017610aAdvertisement calls of three Eleutherodactylus species () in a colombian highland community0 aInglés1 aGuzmán, Francisco1 aBernal, Ximena1 tRevista de la Academia Colombiana de Ciencias Exactas, Fisicas y Naturales332hSupl. Esp.q261-264d1999g23